| 000 | 01411cad a22002175a 4500 | ||
|---|---|---|---|
| 001 | E149625 | ||
| 008 | 100329s2010 xxk f 000 0 eng d | ||
| 035 | _a(Sirsi) u149625 | ||
| 041 | 0 | _aeng | |
| 110 | 2 |
_aScottish Environment Protection Agency _93523 |
|
| 245 | 0 | 0 |
_aPromoting the sustainable reuse of greenfield soils in construction _bregulatory guidance _h[electronic resource] |
| 260 |
_aStirling _bSEPA _c2010 |
||
| 505 | 2 | _aIntroduction -- Scope -- Greenfield soil -- Off-site reuse -- Compliance -- Declaration -- Information sources -- Appendix 1, flowchart -- Appendix 2, declaration form | |
| 520 | _aExcess soils from development sites are usually considered waste, and a waste management licence or a registered exemption under the Environmental Protection Act 1990 and the Waste Management Licensing Regulations 1994 (as amended) is required for their disposal. However, this document outlines a new regulatory position whereby in certain circumstances, the use of such soils will not require a licence or exemption. | ||
| 590 | _aKA | ||
| 651 | 4 |
_aScotland _y1999- |
|
| 690 | _aBUILT ENVIRONMENT-BUILDING MATERIALS-NON CEMENTITIOUS MATERIALS-NATURAL SOILS | ||
| 690 | _aENVIRONMENTAL AND LAND CONSULTANCY-WASTE MANAGEMENT | ||
| 856 | 4 | 0 |
_uhttps://www.sepa.org.uk/waste/waste_regulation/guidance__position_statements.aspx _zView the guidance free of charge at www.sepa.org.uk |
| 942 | _n0 | ||
| 999 |
_c110564 _d110564 |
||